000 00814 a2200253 4500
003 Nust
005 20170207171640.0
010 _a 2010052297
020 _a0073376302
020 _a9780073376301 (alk. paper)
035 _a(OCoLC)ocn694080470
040 _cNust
082 0 0 _a658.15
100 1 _aBlank, Leland T.
245 1 0 _aEngineering economy (E-BOOK)
_cLeland Blank, Anthony Tarquin.
250 _a7th ed.
260 _aNew York :
_bMcGraw-Hill,
_cc2012.
300 _axx, 620 p. :
_bill. ;
_c28 cm.
650 0 _aEngineering economy.
651 _aE-Book
700 1 _aTarquin, Anthony J.
856 4 2 _3Publisher description
_uhttp://catdir.loc.gov/catdir/enhancements/fy1107/2010052297-d.html
856 4 2 _3Table of contents only
_uhttp://catdir.loc.gov/catdir/enhancements/fy1107/2010052297-t.html
942 _2ddc
_cBK
999 _c218104
_d218104